Teachers : (Record no. 6434)

MARC details
000 -LEADER
fixed length control field 01087pam a2200313 a 4500
001 - CONTROL NUMBER
control field 614721
003 - CONTROL NUMBER IDENTIFIER
control field OSt
005 - DATE AND TIME OF LATEST TRANSACTION
control field 20240625101114.0
008 - FIXED-LENGTH DATA ELEMENTS--GENERAL INFORMATION
fixed length control field 920415s1993 nyu b 001 0 eng
010 ## - LIBRARY OF CONGRESS CONTROL NUMBER
LC control number 92014008
020 ## - INTERNATIONAL STANDARD BOOK NUMBER
International Standard Book Number 0791413411
020 ## - INTERNATIONAL STANDARD BOOK NUMBER
International Standard Book Number 079141342X (pbk.)
040 ## - CATALOGING SOURCE
Original cataloging agency DLC
Transcribing agency DLC
Modifying agency DLC
043 ## - GEOGRAPHIC AREA CODE
Geographic area code n-us-fl
050 00 - LIBRARY OF CONGRESS CALL NUMBER
Item number C64 1993
082 00 - DEWEY DECIMAL CLASSIFICATION NUMBER
Classification number 371.1 COH 1993
Edition number 20
100 1# - MAIN ENTRY--PERSONAL NAME
Personal name Cohn, Marilyn M.; Kottkamp, Robert B.
9 (RLIN) 13202
245 10 - TITLE STATEMENT
Title Teachers :
Remainder of title the missing voice in education
260 ## - PUBLICATION, DISTRIBUTION, ETC. (IMPRINT)
Place of publication, distribution, etc. Albany :
Name of publisher, distributor, etc. State University of New York Press,
Date of publication, distribution, etc. 1993.
300 ## - PHYSICAL DESCRIPTION
Extent xxv, 358 p. ;
Dimensions 24 cm.
490 1# - SERIES STATEMENT
Series statement SUNY series, teacher preparation and development
504 ## - BIBLIOGRAPHY, ETC. NOTE
Bibliography, etc Includes bibliographical references (p. 325-343) and indexes.
650 #0 - SUBJECT ADDED ENTRY--TOPICAL TERM
Topical term or geographic name as entry element Teachers
9 (RLIN) 13203
650 #0 - SUBJECT ADDED ENTRY--TOPICAL TERM
Topical term or geographic name as entry element Educational change
9 (RLIN) 13204
830 #0 - SERIES ADDED ENTRY--UNIFORM TITLE
Uniform title SUNY series in teacher preparation and development.
9 (RLIN) 13207
906 ## - LOCAL DATA ELEMENT F, LDF (RLIN)
a 7
b cbc
c orignew
d 1
e ocip
f 19
g y-gencatlg
942 ## - ADDED ENTRY ELEMENTS (KOHA)
Source of classification or shelving scheme Dewey Decimal Classification
Koha item type Open Shelf
Holdings
Withdrawn status Lost status Source of classification or shelving scheme Damaged status Not for loan Home library Current library Date acquired Source of acquisition Inventory number Total Checkouts Full call number Barcode Date last seen Koha item type
    Dewey Decimal Classification     MUST Main Library MUST Main Library 21/01/2020 Purchase 05/24992   371.1 COH 1993 2020-0048 21/01/2020 Open Shelf
    Dewey Decimal Classification     MUST Main Library MUST Main Library 25/06/2024 Purchase 05/24991   371.1 COH 1993 2024-21162 25/06/2024 Open Shelf